| 000 | 00642nam a2200265Ia 4500 | ||
|---|---|---|---|
| 008 | 171120s9999 xx 000 0 und d | ||
| 020 | _a9717251118 | ||
| 050 | _a370.7 | ||
| 050 | _bV422 2012 | ||
| 100 | _aVega, Violeta | ||
| 245 | _aFundamentals of educational research / | ||
| 245 | _cby Violeta Vega. | ||
| 260 | _aPhilippines : | ||
| 260 | _bGrandbooks, | ||
| 260 | _c2012 | ||
| 300 | _a119 pages : | ||
| 300 | _billustrations ; | ||
| 300 | _c21cm. | ||
| 500 | _aIncludes appendix. | ||
| 650 | _aEducation -- | ||
| 650 | _aResearch -- | ||
| 650 | _xResearch. | ||
| 650 | _xStudy and teaching. | ||
| 700 | _aTitle. | ||
| 999 |
_c345253 _d345253 |
||